Central Library OPAC University of Rajshahi

Biochemistry of disease / (Record no. 13432)

MARC details
000 -LEADER
fixed length control field 00948cam a22002891 4500
001 - CONTROL NUMBER
control field 13432
003 - CONTROL NUMBER IDENTIFIER
rucl marc code BD-RjUL
005 - DATE AND TIME OF LATEST TRANSACTION
control field 20211208235443.0
008 - FIXED-LENGTH DATA ELEMENTS--GENERAL INFORMATION
fixed length control field 140201r19471940nyua b 001 0 eng d
035 ## - SYSTEM CONTROL NUMBER
System control number (BD-RjUL)13483
System control number (OCoLC)785252
040 ## - CATALOGING SOURCE
Original cataloging agency DLC
Transcribing agency OTMC
Modifying agency OCoLC
-- DLC
-- BD-RjUL
Language of cataloging eng
041 ## - LANGUAGE CODE
Language code of text/sound track or separate title eng
082 00 - DEWEY DECIMAL CLASSIFICATION NUMBER
Classification number 616.0756
Author mark and year BOB 1947
100 1# - MAIN ENTRY--PERSONAL NAME
Personal name Bodansky, Meyer,
Dates associated with a name 1896-
9 (RLIN) 41881
245 10 - TITLE STATEMENT
Title Biochemistry of disease /
Statement of responsibility, etc. by Meyer Bodansky and Oscar Bodansky.
260 ## - PUBLICATION, DISTRIBUTION, ETC. (IMPRINT)
Place of publication, distribution, etc. New York :
Name of publisher, distributor, etc. The Macmillan Company,
Date of publication, distribution, etc. 1940 [reprinted 1947].
300 ## - PHYSICAL DESCRIPTION
Pagination vii p., 2 l., 684 p. :
Illustrations front., tables (1 fold.) diagrs.
Size 24 cm.
490 0# - SERIES STATEMENT
Series statement The Macmillan medical monographs
504 ## - BIBLIOGRAPHY, ETC. NOTE
Bibliography, etc Bibliography at end of each chapter and index.
650 #0 - SUBJECT ADDED ENTRY--TOPICAL TERM
Topical term or geographic name as entry element Biochemistry.
9 (RLIN) 41882
Topical term or geographic name as entry element Pathology.
9 (RLIN) 41883
700 1# - ADDED ENTRY--PERSONAL NAME
Personal name Bodansky, Oscar,
Dates associated with a name 1901-
Relator term joint author.
942 ## - ADDED ENTRY ELEMENTS (KOHA)
Source of classification or shelving scheme Dewey Decimal Classification
Koha item type Books
Holdings
Lost status Source of classification or shelving scheme Damaged status Not for loan Collection code Permanent Location Current Location Shelving location Date acquired Source of acquisition Total Checkouts Full call number Date last seen Copy number Koha item type
  Dewey Decimal Classification   Not For Loan Non-fiction Central Library, University of Rajshahi Central Library, University of Rajshahi Reading Room 22/09/1964 Govt. of Australia.   616.0756 BOB 1947 01/02/2014 C-1 Books